00505nam a2200145Ia 4500008004100000082001900041100002700060245002500087260006200112300001000174700002800184942001200212952012000224999001500344150201s1993 xx 000 0 und d a294.59215bWIL aWhitney,William Dwight aAtharva veda samhita bMotilal Banarsidass Publishers Pvt. Ltd.aNew Delhic1993 a470p. aLanman,Charles Rockwell 2ddccBK 00102ddc40718ENGGaFEbFEcREFd2013-09-17h1iSGTUo294.59215 WILpFE6183r2015-02-09 00:00:00w2015-02-09yBK c5630d5630